Football Teams Borja Iglesias Played For - Statistics

General Stats
  • This quiz has been taken 34 times
    23 since last reset
  • The average score is 4 of 6
Answer Stats
League Years Team % Correct
Spain 2019-2024 Real Betis Balompié
100%
Germany 2024 Bayer 04 Leverkusen
86%
Spain 2024- RC Celta de Vigo
86%
Spain 2013-2017 RC Celta Fortuna
86%
Spain 2018-2019 RCD Espanyol
64%
Spain 2017-2018 Real Zaragoza
23%
No matching quizzes found
Score Distribution
Percent of People with Each Score
Percentile by Number Answered
Your Score History
You have not taken this quiz since the last reset